The american legal environment: individuals, business law and government
Saved in:
| Main Authors: | , |
|---|---|
| 格式: | 圖書 |
| 語言: | 西班牙语 |
| 出版: |
Saint Paul
West Publishing
1984
|
| 主題: | |
| 標簽: |
添加標簽
沒有標簽, 成為第一個標記此記錄!
|
MARC
| LEADER | 00000nam a2200000 a 4500 | ||
|---|---|---|---|
| 001 | UCS5265 | ||
| 003 | CL-VaPUC | ||
| 008 | 970830e19840000us |||||||||||||||||spa|d | ||
| 082 | 0 | 4 | |a 340.08 |b SCH |2 21 |
| 100 | 0 | |a Schantz, William T |e author |9 391128 | |
| 700 | 0 | |a Jackson, Janice E |e author |9 391129 | |
| 245 | 1 | 4 | |a The american legal environment: individuals, business law and government |
| 300 | |a 975 p | ||
| 942 | |c BK | ||
| 945 | |d 19970830 00:00:00 |a jquezada | ||
| 260 | |a Saint Paul |b West Publishing |c 1984 | ||
| 650 | 7 | |a LEGISLACION |2 CL-VaPUC |9 391130 | |
| 650 | 7 | |a DERECHO |2 CL-VaPUC |9 391131 | |
| 583 | |a last modification |c 20171221 02:08:36 |k Rodrigo Vera | ||
| 999 | |c 261871 |d 261869 | ||
| 952 | |0 0 |1 0 |4 0 |6 340_080000000000000_SCH_1984 |7 0 |8 P |9 289756 |a BIBGIM |b BIBGIM |d 2019-11-19 |i 3280977 |o 340.08 SCH 1984 |p 3280977 |r 2025-01-15 |w 2019-11-19 |y BK |k COM | ||